| 000 | 01171nam a2200313 c 4500 | ||
|---|---|---|---|
| 003 | BLK | ||
| 005 | 20231009111649.0 | ||
| 008 | 180408b bul|||||r ||||||| ||bul|| | ||
| 010 | _aKNG00087420000 | ||
| 020 |
_a978-954-9415-41-4 _bиздат.: Водолей - на том(кн. 1) |
||
| 040 | _aBLK | ||
| 041 |
_aBUL _cBUL |
||
| 080 |
_aБългарска литература _b821.163.2 _x-94 _z821.163.2-94 |
||
| 100 | 1 |
_aХристозов, Петър _eпърви автор _9370891 |
|
| 139 |
_aХристозов, Петър _bХ 82 |
||
| 245 | 1 | 0 |
_aНе за себе си _bКн. 1 - _cПетър Христозов. _nКн. 1 |
| 257 | _aBGR | ||
| 260 |
_аСофия _c2009 - |
||
| 300 | _c20 см | ||
| 380 | _aX | ||
| 500 | _aДруго загл. Non sibi. - Петър Христозов - псевд. на Христо Вълчев. | ||
| 760 | 1 |
_3- на том(кн. 1) _aХристозов, Петър _dВодолей, 2009 _h168 с. _tКн. 1 |
|
| 852 | _aЦб 242536 | ||
| 856 | 4 |
_qpdf _u |
|
| 856 | 4 |
_qpdf _u |
|
| 942 |
_cKNG _n0 _03 |
||
| 944 |
_aCR _c22.01.2009 _lЦветомила Тодорова _k30576 |
||
| 944 |
_aED _c11.09.2009 _lф / _k |
||
| 999 |
_c82883 _d82883 |
||